Reporte de sostenibilidad 2014
Guardat en:
| Autor corporatiu: | |
|---|---|
| Format: | Llibre |
| Idioma: | espanyol |
| Publicat: |
Valparaíso
Pontificia Universidad Católica de Valparaíso
2015
|
| Edició: | 1a. ed |
| Matèries: | |
| Etiquetes: |
Afegir etiqueta
Sense etiquetes, Sigues el primer a etiquetar aquest registre!
|
MARC
| LEADER | 00000cam a2200000 a 4500 | ||
|---|---|---|---|
| 001 | UCE9238 | ||
| 003 | CL-VaPUC | ||
| 008 | 151009e20150000cl |||||||||||||||||spa|d | ||
| 082 | 0 | 4 | |a 378.101 |b PON |2 21 |
| 110 | 2 | |a Pontificia Universidad Católica de Valparaíso |e author |9 581996 | |
| 245 | 1 | 0 | |a Reporte de sostenibilidad 2014 |
| 246 | 1 | 0 | |a Sustainability report 2014 |
| 250 | |a 1a. ed | ||
| 300 | |a 156 p | ||
| 942 | |c BK | ||
| 945 | |d 20151009 15:17:00 |a arojas | ||
| 260 | |a Valparaíso |b Pontificia Universidad Católica de Valparaíso |c 2015 | ||
| 600 | 0 | |a Pontificia Universidad Católica de Valparaíso |9 487638 | |
| 650 | 0 | |a Educación superior |9 223851 | |
| 650 | 0 | |a Educación técnica |9 307052 | |
| 650 | 7 | |a GESTION FINANCIERA |2 CL-VaPUC |9 581997 | |
| 650 | 0 | |a Administración y control |9 561815 | |
| 583 | |a last modification |c 20151009 15:17:00 |k Rodrigo Vera | ||
| 999 | |c 360908 |d 360906 | ||
| 952 | |0 0 |1 0 |3 erb |4 0 |6 378_101000000000000_PON_2015 |7 0 |8 F |9 471181 |a BIBDER |b BIBDER |i 5242096 |l 2 |m 3 |o 378.101 PON 2015 |p 5242096 |q 2025-12-31 |r 2021-10-11 |s 2021-10-11 |w 2019-11-24 |y BK_F |z Catalogado en:20151009 |k DER | ||
| 952 | |0 0 |1 0 |3 erb |4 0 |6 378_101000000000000_PON_2015 |7 0 |8 X |9 471182 |a FDOBUD |b FDOBUD |i 5243955 |o 378.101 PON 2015 |p 5243955 |r 2019-11-24 |w 2019-11-24 |y BK_X |z Catalogado en:20151029 |k FHP | ||